000 01239cam a2200373 a 4500
003 PE-LiUPU
005 20250731173558.0
008 080303s2008 miua b 000 0 eng
020 _a9780310272366
040 _bspa
_cPE-LiUPU
_dPE-LiUPU
_erda.
082 0 0 _a253
_220
_bH992a
100 1 _aHybels, Bill.
_eautor.
245 1 0 _aAx-i-om (ak-see-uhm) :
_bpowerful leadership proverbs /
_cBill Hybels.
264 _aGrand Rapids, Mich. :
_bZondervan ;
_c2008.
300 _a219 páginas :
_bilustrado ;
_c23 centímetros.
504 _aIncluye notas bibliográficas en las páginas 218 y 219.
505 0 _aVision and strategy -- Teamwork and communication -- Activity and assessment -- Personal integrity.
526 _aSEG42
526 _aSEG41
526 _aSEG40
526 _aSEG39
526 _aP94
526 _aP87
526 _aP86
526 _aP85
526 _aP77
526 _aP76
526 _aP35
650 0 _aLiderazgo.
_xCristianismo
_91379
856 4 1 _uwww.zondervan.com/ebooks.
942 _2ddc
_cBK
980 _623148
_aAnálisis Documental EVILA ACOSTA
_81
_gALBERTO SANCHEZ Responsable de Automatización
999 _c61860
_d61860